000 01307nam0a2200349 4500
001 RU\NLR\bibl\1396142
005 20260405161043.0
010 _a978-5-7905-4516-0
_bРИПОЛ классик
010 _a978-5-91213-010-6
_bДом. XXI век
_93000
021 _aRU
_b2009-42100
_92558
021 _aRU
_b2009-42120
_92559
035 _a(NLR Aleph) 001388165
090 _a1144919
_c1144919
100 _a20090730d2009 |||y0rusy50 ca
101 0 _arus
102 _aRU
105 _aa |||||||||
200 1 _aЛучшие развивающие игры для детей от 3 до 7 лет
_fА. Кузнецова
210 _aМосква
_cРипол классик
_cДом. XXI век
_d2009
215 _a191 с.
_cил.
_d20
225 1 _aУчимся играючи
225 1 _aАзбука развития
320 _aБиблиогр.: с. 179
606 1 _aРазвивающие игры для дошкольников
_92296962
_3RU\NLR\auth\661375367
686 _aЧ411.37
686 _aЧ491.35-1
700 1 _4070
_8rus
_7ca
_aКузнецова
_bА. Е.
_cпедагог-методист
_gАлла Евгеньевна
_3RU\NLR\auth\7767586
_950514
801 0 _aRU
_bNLR
_c20090730
_gRCR
801 1 _aRU
_bNLR
_c20090730
942 _cBOOK
980 _aNB